000 00485nam a2200169Ia 4500
001 7981
003 GE_BSU
008 181216s||||||||xx |||||||||||||| ||und||
040 _cGE_BSU
245 _aРеферативный журнал.№7,Электронное издание.
245 _b13Б.математический анализ.
260 _bВинити.
260 _c2013.
300 _aCD-R 52x.
653 _aматематический анализ.
942 _cCF
999 _c41323
_d41323